Score 0/16 Timer 10:00
0 Plays Today
Hint Answer % Correct
Plays HimselfWill Smith
97.2%
Philip BanksJames Avery
62.5%
Carlton Banks Alfonso Ribeiro
59.7%
Ashley BanksTatyana Ali
51.4%
Hilary BanksKaryn Parsons
45.8%
JazzJeffrey A Townes
44.4%
Lisa WilkesNia Long
34.7%
Geoffrey ButlerJoseph Marcell
33.3%
Hint Answer % Correct
Jackie AmesTyra Banks
29.2%
Vivian Banks first actressJanet Hubert
27.8%
Nicky BanksRoss Bagley
25%
Dee DeeQueen Latifah
18.1%
Vivian Banks second actressDaphne Reid
16.7%
Aunt HelenJenifer Lewis
9.7%
Viola SmithVernee Watson Johnson
6.9%
Trevor Collins Brian Stokes Mitchell
4.2%
Remove Ads.
Support Sporcle.
Get the best of Sporcle when you Go Orange. This ad-free experience offers more features, more stats, and more fun while also helping to support Sporcle. Thank you for becoming a member.

You're not logged in!

Compare scores with friends on all Sporcle quizzes.
OR
Log In

Show Comments

Extras

Top Quizzes Today


Score Distribution

Your Account Isn't Verified!

In order to create a playlist on Sporcle, you need to verify the email address you used during registration. Go to your Sporcle Settings to finish the process.

Report this User

Report this user for behavior that violates our Community Guidelines.

Details: